Uitslagen PSV Champions League 24/25 - Statistieken

Algemene statistieken
  • Deze quiz is 31 keer genomen
  • De gemiddelde score is 9 van 12
Antwoordstatistieken
Thuis/Uit Antwoord Uitslag % Correct
Uit PSG 1-1
93%
Thuis Sporting Lissabon 1-1
89%
Uit Juventus 2-1
85%
Uit Juventus 3-1
85%
Thuis Juventus 3-1
81%
Thuis Shaktar Donetsk 3-2
81%
Thuis Liverpool 3-2
81%
Thuis Girona 4-0
74%
Thuis Arsenal 1-7
70%
Uit Rode Ster 2-3
70%
Uit Arsenal 2-2
67%
Uit Stade Brestois 1-0
63%
Geen overeenkomende quizzen gevonden
Scoreverdeling
Procent van Mensen met Elke Score
Percentiel versus Aantal Correcte Antwoorden
Uw Scoregeschiedenis
U heeft deze quiz nog niet genomen